Sénégal. Disparition d’émigrés clandestins : un deuil « impossible » pour les familles (notice n° 1674394)

détails MARC
000 -LEADER
fixed length control field 02684cam a2200349 4500500
005 - DATE AND TIME OF LATEST TRANSACTION
control field 20260301001816.0
041 ## - LANGUAGE CODE
Language code of text/sound track or separate title fre
042 ## - AUTHENTICATION CODE
Authentication code dc
100 10 - MAIN ENTRY--PERSONAL NAME
Personal name Faye, Papa Lamine
Relator term author
245 00 - TITLE STATEMENT
Title Sénégal. Disparition d’émigrés clandestins : un deuil « impossible » pour les familles
260 ## - PUBLICATION, DISTRIBUTION, ETC.
Date of publication, distribution, etc. 2017.<br/>
500 ## - GENERAL NOTE
General note 41
520 ## - SUMMARY, ETC.
Summary, etc. The 2006 large wave of illegal emigration from Senegal to Europe has confronted families with a painful experience. The disappearances concern either an uncle, a brodier. a cousin but especially a son and crystallize the hopes of each other for a better tomorrow. Sometimes, children were blessed by their family when leaving. Now, desesparate mothers whose children are lost express their despair and feeling of guilt through a painfull body. The depressive mask seems to permeate their suffering fueled by unanswered questions, answers that they have often sought to find among traditional healers and which add to the confusion and arouse different experiences ranging from hope to disillusionment. How in this context, mourning in the absence of body?
520 ## - SUMMARY, ETC.
Summary, etc. La grande vague d’émigration clandestine de 2006 du Sénégal vers l’Europe a confronté les ramilles à un vécu douloureux. Les disparitions concernent soit un oncle, un frère, un cousin mais surtout un fils et cristallisent les espoirs des uns et des autres pour des lendemains meilleurs. Les enfants sont parfois partis avec la bénédiction de la famille. Aujourd’hui, les mères endeuillées vivent cette perte sous le signe d’une culpabilité et d’un désespoir qui empruntent pour s’exprimer, le chemin du corps. Le masque dépressif semble imprégner leur souffrance alimentée par des questions sans réponse, des réponses quelles se sont souvent évertuées à rechercher auprès des guérisseurs traditionnels et qui rajoutent à la confusion et suscitent des vécus différents qui vont de l’espoir à la désillusion. Comment dans cc contexte, faire un deuil en l’absence de corps ?
690 ## - LOCAL SUBJECT ADDED ENTRY--TOPICAL TERM (OCLC, RLIN)
Topical term or geographic name as entry element deuil
690 ## - LOCAL SUBJECT ADDED ENTRY--TOPICAL TERM (OCLC, RLIN)
Topical term or geographic name as entry element émigration
690 ## - LOCAL SUBJECT ADDED ENTRY--TOPICAL TERM (OCLC, RLIN)
Topical term or geographic name as entry element famille
690 ## - LOCAL SUBJECT ADDED ENTRY--TOPICAL TERM (OCLC, RLIN)
Topical term or geographic name as entry element Sénégal
690 ## - LOCAL SUBJECT ADDED ENTRY--TOPICAL TERM (OCLC, RLIN)
Topical term or geographic name as entry element vécu
690 ## - LOCAL SUBJECT ADDED ENTRY--TOPICAL TERM (OCLC, RLIN)
Topical term or geographic name as entry element emigration
690 ## - LOCAL SUBJECT ADDED ENTRY--TOPICAL TERM (OCLC, RLIN)
Topical term or geographic name as entry element family
690 ## - LOCAL SUBJECT ADDED ENTRY--TOPICAL TERM (OCLC, RLIN)
Topical term or geographic name as entry element life experiences
690 ## - LOCAL SUBJECT ADDED ENTRY--TOPICAL TERM (OCLC, RLIN)
Topical term or geographic name as entry element mourning
690 ## - LOCAL SUBJECT ADDED ENTRY--TOPICAL TERM (OCLC, RLIN)
Topical term or geographic name as entry element Senegal
700 10 - ADDED ENTRY--PERSONAL NAME
Personal name Der Dieye, Ndeye Awa
Relator term author
700 10 - ADDED ENTRY--PERSONAL NAME
Personal name Dembélé, Séga Diambéré
Relator term author
700 10 - ADDED ENTRY--PERSONAL NAME
Personal name Wade, Racky
Relator term author
700 10 - ADDED ENTRY--PERSONAL NAME
Personal name Sylla Diallo, Tabara
Relator term author
700 10 - ADDED ENTRY--PERSONAL NAME
Personal name Habib Thiam, Mamadou
Relator term author
786 0# - DATA SOURCE ENTRY
Note Psy Cause | 75 | 2-3 | 2017-06-10 | p. 62-65 | 1245-2394
856 41 - ELECTRONIC LOCATION AND ACCESS
Uniform Resource Identifier <a href="https://shs.cairn.info/revue-psy-cause-2017-2-3-page-62?lang=fr&redirect-ssocas=7080">https://shs.cairn.info/revue-psy-cause-2017-2-3-page-62?lang=fr&redirect-ssocas=7080</a>

Pas d'exemplaire disponible.

PLUDOC

PLUDOC est la plateforme unique et centralisée de gestion des bibliothèques physiques et numériques de Guinée administré par le CEDUST. Elle est la plus grande base de données de ressources documentaires pour les Étudiants, Enseignants chercheurs et Chercheurs de Guinée.

Adresse

627 919 101/664 919 101

25 boulevard du commerce
Kaloum, Conakry, Guinée

Réseaux sociaux

Powered by Netsen Group @ 2025